Materiály pre nástroje : Diplomová práca

Guardado en:
Detalles Bibliográficos
Autor principal: Hencz, Loránt (Autor)
Otros Autores: Békés, Ján (xxx)
Formato: Manuscrito Libro
Lenguaje:eslovaco
Publicado: Trnava : STU v Bratislave MtF KOM, 2005
Materias:
Etiquetas: Agregar Etiqueta
Sin Etiquetas, Sea el primero en etiquetar este registro!

MARC

LEADER 00000ntm a22000003a 4500
001 stu94383
005 20160719154505.8
008 050609s2005----xo------------------slo-d
040 |a STU  |b slo 
041 0 |a slo 
044 |a xo 
100 1 |a Hencz, Loránt  |4 aut 
245 1 |a Materiály pre nástroje :  |b Diplomová práca 
260 |a Trnava :  |b STU v Bratislave MtF KOM,  |c 2005 
300 |a 78 s 
650 7 |a technológie strojárskej výroby  |2 stusub 
650 7 |a nástroje rezné  |2 stusub 
700 1 |a Békés, Ján  |4 xxx  |u M160  |U MTF Ústav výrobných technológií  |T MTF Katedra obrábania a montáže  |U M160  |Y M160 
996 |b 284M052029  |c M*DP-5515  |l MMSKP  |s P  |a 0  |w stu94383_0001